| 000 | 01137nas a2200337 4500 | ||
|---|---|---|---|
| 001 | BR8001174 | ||
| 003 | BR-BrBNA | ||
| 005 | 20231205084200.0 | ||
| 007 | ta | ||
| 008 | 230509b bl.|||p| |||| 00| 00por d | ||
| 040 |
_aBR-BrBNA _bpor _cBiblioteca Nacional de Agricultura |
||
| 041 | _a(Pt) | ||
| 072 | _aH70 | ||
| 100 | 1 | _aArthur, V. | |
| 100 | 1 | _aCampanhola, C. | |
| 100 | 1 | _aDomarco, R.E. | |
| 100 | 1 | _aWiendl, F.M. | |
| 100 | 1 | _aSgrillo, R.B. | |
| 245 | 1 | _aDeterminacao da dose esterilizante de radiacao gama do 60Co para imagos de Acanthoscelides obtectus (Say, 1831)(Col., Bruchidae)[Caruncho; Feijao] | |
| 246 | 1 | _aDetermination of the sterilizing gamma radiation dose of 60Co to Acanthoscelides obtectus imagos (Col. Bruchidae)[Woodworn; Bean] | |
| 650 | _aProduto armazenado | ||
| 650 | _aPraga de planta | ||
| 650 | _aRaio gama | ||
| 650 | _aFeijao | ||
| 650 | _aEsterilizacao | ||
| 650 | _aCaruncho | ||
| 650 | _aIrradiacao | ||
| 773 | 0 |
_tEnergia Nuclear e Agricultura (Brazil) _xISSN 0100-3593 _g(1980), v. 2(1) p. 1-7 _wBR8001174 |
|
| 909 |
_a202311 _bLúcia _c55 _dLúcia Elande |
||
| 942 |
_2AGRIS _n0 _cANA |
||
| 999 |
_c103627 _d103627 |
||